000
00308nam a2200121Ia 4500
008
220204s9999 xx 000 0 und d
082
_a
57.085.23:635.054
_b
DOD
245
0
_a
Tissue culture of trees
260
_a
London
_b
Croom Helm
_c
1983
650
_a
Tissue culture
700
_a
DODDS, John H
942
_c
BK
999
_c
38963
_d
38963